Reglamentos y Documentos

محفوظ في:
التفاصيل البيبلوغرافية
مؤلف مشترك: Universidad Nacional Autónoma de Honduras
التنسيق: نص
منشور في: Tegucigalpa: UNAH
الوسوم: إضافة وسم
لا توجد وسوم, كن أول من يضع وسما على هذه التسجيلة!

MARC

LEADER 00000 a a2200000 04500
001 22150
003
040 |a CRAI/IIS  |c CRAI/IIS 
090 |a 150000  
110 |a Universidad Nacional Autónoma de Honduras  
245 |a Reglamentos y Documentos  
260 |a Tegucigalpa:   |b UNAH  
300 |a 83 p.  
999 |c 7831  |d 7831